| 000 | 00511nam a2200181Ia 4500 | ||
|---|---|---|---|
| 005 | 20250423101539.0 | ||
| 008 | 250422s9999 xx 000 0 und d | ||
| 020 | _a9781416612940 | ||
| 050 | _aLB 1027.23 .H56/ | ||
| 100 | _aHimmele, Pérsida. | ||
| 245 | 0 | _aTotal participation techniques : making every student an active learner | |
| 260 | _aVirginia | ||
| 260 | _bASCD | ||
| 260 | _cc2011 | ||
| 300 | _a133 p | ||
| 650 | _aActive learning. Creative teaching. Electronic books. |2 local | ||
| 942 | _cBK | ||
| 999 |
_c36608 _d36608 |
||